000 01167cam a2200325 4500
008 090401t1998 xxu||||| |||| 00| 0 eng d
020 _a0415169240
035 _a(Sirsi) u88613
041 _aeng
050 _a333.33091
100 _aLaPier, Terrence
245 _aCompetition, growth strategies and the globalization of services : real estate advisory services in Japan, Europe and the United States.
260 _aLondon
_bRoutledge
_c1998
300 _axiv,254p. ; 24cm.
350 _a55
490 _aRoutledge Studies in International Business and the World Economy
_v8
520 _aExamines the international growth and diversification of real estate advisory services in the US, UK, Germany and Japan since 1960 and presents case studies of prominent firms including Jones Lang Wootton.
650 _aCUSHMAN & WAKEFIELD
650 _aJONES LANG WOOTTON
650 _aMULLER
650 _aORIX
650 _aPROPERTY ADVISERS
650 _aRATES OF RETURN
650 _aREAL ESTATE ADVISORY SERVICES
650 _aSURVEYING FIRMS
650 _aYIELDS
690 _aPROPERTY LAW AND PRACTICE
942 _n0
948 _c23/09/1998
999 _c97362
_d97362